MARC

LEADER 00000nam0a2200000 4500
001 21913
005 20231030194303.0
035 |a (RuTPU)RU\TPU\book\22122 
035 |a BOOK00022192 
090 |a 21913 
100 |a 20011209d2000 m y0rusy50 ca 
101 0 |a rus 
102 |a RU 
105 |a y j 000zy 
200 1 |a Высшая математика  |e учебное пособие  |h Ч. 2  |i Дифференцирование: дистанционное обучение  |f Г. А. Кошельская, А. И. Нагорнова, Е. Н. Некряч и др. 
205 |a 2-е изд., доп. и перераб. 
210 |a Томск  |c Изд-во ТПУ  |d 2000 
215 |a 128 с. 
610 1 |a высшая математика 
610 1 |a функции нескольких переменных 
610 1 |a дифференцирование 
610 1 |a учебные пособия 
610 1 |a дистанционное обучение 
675 |a 51(075.8)  |v 3 
701 1 |a Кошельская  |b Г. А.  |g Галина Ананьевна 
701 1 |a Нагорнова  |b А. И.  |c математик  |c старший преподаватель Томского политехнического университета  |g Александра Ивановна  |2 stltpush  |3 (RuTPU)RU\TPU\pers\26752 
701 1 |a Некряч  |b Е. Н.  |c математик  |c доцент Томского политехнического университета, кандидат технических наук  |f 1946-  |g Евгений Николаевич  |2 stltpush  |3 (RuTPU)RU\TPU\pers\28898 
701 1 |a Столярова  |b Г. П.  |c математик  |c доцент Томского политехнического университета  |f 1938-  |g Галина Петровна  |2 stltpush  |3 (RuTPU)RU\TPU\pers\26751 
701 1 |a Харлова  |b А. Н.  |c математик  |c доцент Томского политехнического университета, кандидат физико-математических наук  |f 1958-  |g Александра Николаевна  |2 stltpush  |3 (RuTPU)RU\TPU\pers\28900 
712 0 2 |a Томский политехнический университет (ТПУ)  |b Институт дистанционного образования (ИДО)  |2 stltpush  |3 (RuTPU)RU\TPU\col\12625 
801 0 |a RU  |b 63413507  |c 20011209  |g PSBO 
801 2 |a RU  |b 63413507  |c 20201121  |g PSBO 
942 |c BK